000
00263nam a22001097a 4500
008
170120b xxu||||| |||| 00| 0 eng d
020
_a
9780534607951
041
_a
eng
080
_2
7TH
_a
618.2
245
_a
PROCESS AND PRACTICE GROUP
_c
SCOREY. M.S
942
_2
udc
_c
BK
999
_c
3319
_d
3319